000 00622nam a2200181 i 4500
001 124796
003 ES-MaACL
005 20230906192511.0
007 t|
008 070420s1927 sp ||||1| spa d
245 0 0 _aJurisdicción de los Patronatos de Previsión Social.
260 _aMadrid :
_b[s.n.],
_c1927 (
_fOficina Tipográfica del Instituto Nacional de Previsión)
300 _a18 p. ;
_c20 cm.
490 1 _aPublicaciones del Instituto Nacional de Previsión ;
_v188
830 0 _aPublicaciones del Instituto Nacional de Previsión ;
_v188
_9181151
852 _aES-MaACL
_jC-12628(6)
999 _c124796
_d124796